LEADER 00949nam a2200241 i 4500 001 000000151068 003 CaOOAMICUS 005 20151218000000.0 008 151218s1984 it u000 u ita u 013 $a128406 040 $aSeMil$bita 100 1 $aBortolotto, Mario.$0(OLS)http://semarc/name/40116 245 10$aIntroduzione al Lied Romantico /$cMario Bortolotto. 260 $aMilano :$bAdelphi,$c1984. 300 $a206 p. :$bnotazione musicale ;$c18 cm. 490 0 $aPiccola Biblioteca Adelphi ;$v165 650 4$aLied.$0(OLS)http://semarc/subject/29526 830 0$aPiccola biblioteca Adelphi ;$v165.$0(OLS)http://semarc/title/7074 850 $aSeMil 852 $aSeMil$W1$xVenegono$y1$m3Q I 103$j103114$B103114$CSeMilBibl$Z2$F112344 $81 961 $aOmaggio: Colombo don Alberto 996 $6245$aIntroduzione al Lied Romantico$9(OLS)http://semarc/title/220808 996 $6260$aMilano :$bAdelphi$9(OLS)http://semarc/publisher/30018 LEADER 00693nam a2200181 4500 001 000000344530 003 CaOOAMICUS 005 20170220110743.0 008 210225s1968 fr 000 u fre r 040 $aSeMil$bita 100 1 $aLa Fontaine, Jean : de,$d<1621-1695>.$0(OLS)http://semarc/name/36748 245 10$aOeuvres complètes /$cLa Fontaine. 264 1$a[Paris] :$bGallimard,$c1968. 300 $av. ;$c18 cm 774 0 $t1: Fables, contes et nouvelles.$d[Paris] : Gallimard, stampa 1968.$kBibliothèque de la Pléiade$w()344531 996 $6245$aOeuvres complètes$9(OLS)http://semarc/title/2124 996 $6264$a[Paris] :$bGallimard$9(OLS)http://semarc/publisher/30050